Modelovanie procesov v zdravotníctve

Saved in:
Bibliographic Details
Main Author: Podolský, Marek (Author)
Other Authors: Lehocki, Fedor (Thesis advisor)
Format: Manuscript Book
Language:Slovak
Published: 2024
Subjects:
Online Access:http://is.stuba.sk/zp/portal_zp.pl?podrobnosti=162729
Tags: Add Tag
No Tags, Be the first to tag this record!

MARC

LEADER 00000ntm a22000003a 4500
001 stuzp96958
003 SK-STU
005 20240615210457.7
007 ta
008 150427s2015----xo-----f-mn---000-0-slo-d
040 |a STU  |b slo 
041 0 |a slo 
100 1 |a Podolský, Marek  |u 070200  |4 aut  |U FIIT Fakulta informatiky a informačných technológií  |T FIIT Ústav informatiky, informačných systémov a softvérového inžinierstva  |X 110875  |U I200  |Y 179  |7 110875 
242 0 1 |a Modeling of processes in healthcare  |y eng 
245 1 0 |a Modelovanie procesov v zdravotníctve 
260 |c 2024 
650 4 |a BPM  |2 slo 
650 4 |a BPMN  |2 slo 
650 4 |a DMN  |2 slo 
650 4 |a CHF  |2 slo 
650 4 |a BPMN  |2 eng 
650 4 |a DMN  |2 eng 
650 4 |a CHF  |2 eng 
650 4 |a BPM  |2 eng 
700 1 |a Lehocki, Fedor  |u 070200  |k Z1  |4 ths  |U FIIT Fakulta informatiky a informačných technológií  |T FIIT Ústav informatiky, informačných systémov a softvérového inžinierstva  |X 1888  |U I200  |Y 179  |7 000001888 
856 4 |u http://is.stuba.sk/zp/portal_zp.pl?podrobnosti=162729